Texas Rangers 2025 Roster - Statistics

General Stats
  • This quiz has been taken 39 times
  • The average score is 20 of 38
Answer Stats
Jersey # Pos Player % Correct
53 RF Adolis Garcia
92%
5 SS Corey Seager
92%
48 P Jacob deGrom
92%
8 SS Josh Smith
92%
2 2B Marcus Semien
92%
17 P Nathan Eovaldi
92%
62 BP Robert Garcia
92%
28 C Jonah Heim
88%
6 3B Josh Jung
88%
21 1B Jake Burger
83%
36 LF Wyatt Langford
79%
32 CF Evan Carter
67%
11 C Kyle Higashioka
67%
20 SS Ezequiel Duran
63%
4 1B Joc Pederson
63%
0 CF Sam Haggerty
63%
35 P Jack Leiter
58%
24 CF Michael Helman
58%
39 3B Cody Freeman
54%
23 P Merrill Kelly
54%
67 BP Jacob Latz
50%
43 BP Shawn Armstrong
50%
22 BP Jon Gray
46%
55 BP Chris Martin
42%
44 1B Rowdy Tellez
42%
19 LF Alejandro Osuna
38%
46 P Patrick Corbin
38%
38 LF Dustin Harris
33%
41 BP Hoby Milner
33%
60 BP Cole Winn
29%
88 BP Phil Maton
29%
25 2B Dylan Moore
25%
54 BP Danny Coulombe
17%
51 P Tyler Mahle
17%
71 BP Jacob Webb
8%
66 BP Josh Sborz
8%
57 BP Luis Curvelo
4%
58 BP Carl Edwards Jr
0%
No matching quizzes found
Score Distribution
Percent of People with Each Score
Percentile by Number Answered
Your Score History
You have not taken this quiz